Music Quiz

Random Music or Lyrics Quiz

Finish the Rap Lyric Quiz Stats

 Plays Quiz Updated Jul 2, 2018

Score 0/20 Timer 07:00
1 Play Today
Start of lyric Finish % Correct
Y'all gonna make me lose my mind...Up in here, up in here
78.3%
Shake it, shake it, sh-shake it, shake it...like a Polaroid picture
55.6%
You only get one shot, do not miss your chance to blow...this opportunity comes once in a lifetime
55.1%
Sipping on gin and juice, laid back, with...my mind on my money and my money on my mind
50.3%
Is it worth it? Let me work it, I put my thing down...flip it and reverse it
47.4%
We can pop bottles all night, and baby...you can have whatever you like
46.2%
The more money we come across...the more problems we see
39.2%
Don't push me, 'cause I'm close to the edge...I'm trying not to lose my head
32.5%
I'm a millionaire, I'm a Young Money millionaire..tougher than Nigerian hair
29.4%
Welcome everybody to the wild wild west, a state that's...untouchable like Eliot Ness
29.1%
Start of lyric Finish % Correct
Jesus walks, god show me the way, because...the Devil trying to break me down
26.2%
Don't call it a comeback...I been here for years
22.5%
Here is something you can't understand...how I could just kill a man
17.7%
And when we rock upon the mic...we rock the mic right
14%
Throw your hands up in the air, don't ever disrespect, WOO-HAH!...I got you all in check
10.5%
Have you ever met a girl that you tried to date...but a year to make love she wanted you to wait?
9.9%
Move, slide your rump, just for a minute...let's all do the bump
8.2%
I'm the king of rock, there is none higher, sucker MCs...should call me sire
5.8%
The good guys dress in black, remember that, just in case...we ever face to face and make contact
4.4%
I live and die for hip hop, this is hip hop for today...I give props to hip hop, so hip hop hooray
2.3%

You're not logged in!

Compare scores with friends on all Sporcle quizzes.
OR
Log In

Sporcle TV

Today on Sporcle TV


Watch our educational content, quiz creation guides, and fun videos on Sporcle TV.

Show Comments

Extras

Top Quizzes Today


Score Distribution

Your Account Isn't Verified!

In order to create a playlist on Sporcle, you need to verify the email address you used during registration. Go to your Sporcle Settings to finish the process.

Report this User

Report this user for behavior that violates our Community Guidelines.

Details: